Lexikálne cvičenia z ruského jazyka

Bibliographic Details
Main Author: Konfederáková, Galina, 1940-1994 (Author)
Corporate Author: Vydavateľské stredisko UK Bratislava
Format: Book
Language:Slovak
PhysicalDescription:101 str.
Published: Bratislava UK 1993
ISBN:8022304972
Edition:3.
Series:Vysokoškolské skriptá, Filozofická fakulta UK
Subjects:

MARC

LEADER 00000nam a2200000 a 4500
001 vtls008200985
003 SK-MaSNL
005 20260302074100.0
008 240314 slo
020 |a 8022304972  |c 20 Sk 
035 |a SVKPOKN012464 
040 |a SNK  |b slo  |c SNK  |e AACR2 
041 0 |a slo  |h slo 
100 1 |a Konfederáková, Galina,  |d 1940-1994  |4 aut  |9 37341 
245 1 0 |a Lexikálne cvičenia z ruského jazyka  |c Galina Konfederáková 
250 |a 3. 
260 |a Bratislava  |b UK  |c 1993  |e Bratislava  |f Polygrafické stredisko UK 
300 |a 101 str. 
490 0 |a Vysokoškolské skriptá, Filozofická fakulta UK 
650 0 7 |a ruština  |2 SNKPH  |9 1346 
650 0 7 |a slovná zásoba  |2 SNKPH  |9 66837 
655 7 |a učebné texty  |2 SNKPH  |9 70568 
710 2 |a Vydavateľské stredisko UK  |b Bratislava  |9 739271 
919 |a 80-223-0497-2; 120 výtl. 
958 |a OND 
999 |c 1163626  |d 1165556 
952 |a SNK  |b SNK  |y PREZ  |7 0  |p 17A0804965  |o snkSB 50723  |0 0  |1 0  |4 0  |d 2012-07-16  |l 0  |r 2026-02-24 20:40:51  |w 2026-02-24 
952 |t P60, <04>, [BOOK], {604}  |a SNK  |b SNK  |y VYP  |7 0  |p 17A0146190  |o snkSB 50723 D1  |0 0  |1 0  |4 0  |d 1998-07-02  |l 0  |r 2005-01-01 00:00:00  |w 2026-02-24